000 00298nam a22001337a 4500
020 _a81-7478-499-3
082 _a920
_bSRI/F
100 _aSRINIVASAN,ARCHANA
245 _aFAMOUS GREEK PERSONALITIES
260 _aINDIA
_bSURA BOOKS
_c2004
300 _a92
650 _aBIOGRAHY
_zINDIA
942 _cBK
999 _c6417
_d6417